Fix your Plymouth.

Bibliographic Details
Other Authors: Toboldt, William King, 1895-
Format: Serial
Language:English
Published: Chicago : Goodheart-Willcox Co.
Subjects:

MARC

Tag First Indicator Second Indicator Subfields
LEADER 00000cas a2200000 4500
001 in00000043024
005 20151007064959.0
008 760409d19561968iluar 0uuua0enge
010 |a  62012428  
035 |a (OCoLC)02104163 
035 |9 AAE1018AM 
040 |a DLC  |c KSU  |d TXA  |d UtOrBLW 
049 |a TXAE 
050 0 |a TL215.P65  |b F5 
082 0 |a 629.287 
245 0 0 |a Fix your Plymouth. 
264 1 |a Chicago :  |b Goodheart-Willcox Co. 
300 |a 13 volumes :  |b illustrations ;  |c 23 cm.  |a annual. 
336 |a text  |b txt  |2 rdacontent 
337 |a unmediated  |b n  |2 rdamedia 
338 |a volume  |b nc  |2 rdacarrier 
515 |a Vols. for cover models from 1946. 
500 |a Volumes for by B. Toboldt. 
650 0 |a Plymouth automobile. 
700 1 |a Toboldt, William King,  |d 1895- 
999 |a MARS 
999 f f |s f6463d38-d868-38ba-978e-50f79b49db2c  |i 8ca547f1-2e01-3530-ba33-182a1ed274ab  |t 0 
952 f f |p default  |a Texas A&M University  |b College Station  |c Sterling C. Evans Library  |d Evans: Library Stacks  |t 0  |e TL215.P65 F5  |h Library of Congress classification  |i unmediated -- volume 
998 f f |a TL215.P65 F5  |s 1956,1960,1966-1968  |t 0  |l Evans: Library Stacks